000
00315nam a22001217a 4500
008
230621b xxu||||| |||| 00| 0 eng d
020
_a
0872890619
082
_a
328
_b
BRO 1985
245
_a
1985 Congressional Staff Directory
260
_b
Congressional Staff Directory
_c
1885
300
_a
VI,1201p
942
_2
ddc
_c
BK
999
_c
1994
_d
1994